First WWE Championship Wins - Statistics

General Stats
  • This quiz has been taken 648 times
    642 since last reset
  • The average score is 19 of 33
Answer Stats
Wrestler Event of their first WWE Championship win % Correct
Stone Cold Steve Austin WrestleMania XIV (1998)
82%
John Cena WrestleMania 21 (2005)
81%
Kofi Kingston WrestleMania 35 (2019)
81%
Seth Rollins WrestleMania 31 (2015)
80%
Shawn Michaels WrestleMania XII (1996)
73%
The Ultimate Warrior WrestleMania VI (1990)
72%
Randy Savage WrestleMania IV (1988)
71%
Brock Lesnar SummerSlam 2002
70%
Bray Wyatt Elimination Chamber 2017
69%
Dean Ambrose Money in the Bank 2016
69%
Eddie Guerrero No Way Out 2004
68%
Daniel Bryan SummerSlam 2013
67%
Yokozuna WrestleMania IX (1993)
67%
Ric Flair Royal Rumble 1992
64%
CM Punk Money in the Bank 2011
62%
Alberto Del Rio SummerSlam 2011
62%
Roman Reigns Survivor Series 2015
60%
Rob Van Dam One Night Stand 2006
58%
Jinder Mahal Backlash 2017
56%
Sheamus TLC 2009
53%
Edge New Year's Revolution 2006
52%
AJ Styles Backlash 2016
51%
Sgt. Slaughter Royal Rumble 1991
48%
The Undertaker Survivor Series 1991
45%
Jeff Hardy Armageddon 2008
44%
The Rock Survivor Series 1998
44%
Big Show Survivor Series 1999
44%
JBL The Great American Bash 2004
37%
Chris Jericho Vengeance 2001
34%
Kane King of the Ring 1998
32%
Randy Orton No Mercy 2007
32%
Batista Extreme Rules 2009
27%
Kurt Angle No Mercy 2000
26%
No matching quizzes found
Score Distribution
Percent of People with Each Score
Percentile by Number Answered
Your Score History
You have not taken this quiz since the last reset